Quiz région: Centre-Val de Loire - Statistiques

Statistiques générales
  • Ce quiz a été pris 136 fois
  • Le résultat moyen est 8 sur 15
Statistiques - réponses
Indice Réponse % Correct
Capitale Orléans
100%
Héroïne qui a libéré Orléans en 1429 Jeanne d'Arc
97%
Ville la plus peuplée Tours
95%
Nombre de départements 6
90%
Département qui porte le numéro 18 Cher
80%
Ville possédant une cathédrale gothique inscrite au patrimoine mondial de l'UNESCO Chartres
66%
Grande région agricole qui s'étend sur 5 départements dont 3 dans la région Centre La Beauce
59%
Romorantin-Lanthenay se situe dans cette région naturelle forestière La Sologne
49%
Homme qui fut préfet de l'Eure-et-Loir puis président du Conseil National de la Résistance Jean Moulin
34%
Grand parc naturel régional en Indre La Brenne
28%
Pont célèbre qui traverse la Loire à Tours, c'est le plus vieux de la ville Pont Wilson
28%
Ville du Cher connue pour sa porcelaine Vierzon
28%
Fromage au lait cru de chèvre qui porte le nom d'une commune du Loir-et-Cher Selles-sur-Cher
25%
Appellation viticole célèbre située autour de la ville de Tours Vouvray
25%
Forêt domaniale, la plus vaste de France métropolitaine Forêt Domaniale d'Orléans
18%
Aucun quiz correspondant
Distribution des résultats
% des personnes avec chaque résultat
Percentile par nombre de réponses
Votre historique - résultats
Vous n’avez pas pris ce quiz